| 000 | 01166cam a2200313 i 4500 | ||
|---|---|---|---|
| 001 | 25215 | ||
| 003 | Mx-PuUPA | ||
| 005 | 20250724112228.0 | ||
| 008 | 140415s2025 lv gr 000 0 spa d | ||
| 020 | _a9788396951533 | ||
| 040 |
_aMx-PuUPA _bspa _cMx-PuUPA _dMx-PuUPA _erda |
||
| 041 | 0 | _aspa | |
| 100 | 1 |
_aHill, Chase, _917359 _eautor |
|
| 245 | 1 | 0 |
_aCómo hablar con cualquiera : _b9 consejos secretos para mejorar la comunicación, las charlas, dominar las habilidades sociales y tener conversaciones interesantes / _cHill, Chase |
| 264 | 3 |
_aLaVergne, TN : _bLihhyning Source, _c2025 |
|
| 300 |
_a179 páginas ; _c22 cm |
||
| 336 |
_2rdacontent _atexto _btxt |
||
| 337 |
_2rdamedia _asin medio _bn |
||
| 338 |
_2rdacarrier _avolumen _bnc |
||
| 650 | 7 |
_913986 _2armarc _aHabilidades sociales |
|
| 650 | 7 |
_2armarc _aComunicación interpersonal |
|
| 650 | 7 |
_2armarc _aConversación social _vGuía |
|
| 650 | 7 |
_2armarc _aInteracción social _vGuía |
|
| 942 |
_2ddc _cLI _h302.346 _iH64 |
||
| 999 |
_c25215 _d25215 |
||